LEADER 02881nam 2200601 a 450 001 9910453978503321 005 20200520144314.0 010 $a1-281-99303-4 010 $a9786611993030 010 $a81-224-2554-2 035 $a(CKB)1000000000693101 035 $a(EBL)410320 035 $a(OCoLC)437089518 035 $a(SSID)ssj0000673085 035 $a(PQKBManifestationID)11449567 035 $a(PQKBTitleCode)TC0000673085 035 $a(PQKBWorkID)10642819 035 $a(PQKB)11206539 035 $a(MiAaPQ)EBC410320 035 $a(Au-PeEL)EBL410320 035 $a(CaPaEBR)ebr10318712 035 $a(CaONFJC)MIL199303 035 $a(EXLCZ)991000000000693101 100 $a20091005d2008 uy 0 101 0 $aeng 135 $aur|n|---||||| 181 $ctxt 182 $cc 183 $acr 200 10$aIntroduction to materials handling$b[electronic resource] /$fSiddhartha Ray 210 $aNew Delhi $cNew Age International (P) Ltd., Publishers$dc2008 215 $a1 online resource (244 p.) 300 $aDescription based upon print version of record. 311 $a81-224-2099-0 320 $aIncludes bibliographical references and index. 327 $aCover; Preface; Acknowledgement; Contents; Chapter 1.0 Introduction to Materials Handling; Chapter 2.0 Principles of Materials Handling; Chapter 3.0 Unit Load Concept; Chapter 4.0 Classification of Materials Handling Equipment; Chapter 5.0 Industrial Vehicles/Trucks; Chapter 6.0 Conveyors; Chapter 7.0 Pneumatic and Hydraulic Conveyors; Chapter 8.0 Hoisting Equipment; Chapter 9.0 Bulk Handling Equipment and Systems; Chapter 10.0 Robotic Handling; Chapter 11.0 Auxiliary Equipment; Chapter 12.0 Organisation, Maintenance and Safety; Appendix; Index 330 $aAbout the Book: This book is written to cover diploma, undergraduate and postgraduate engineering Curricula for Materials Handling courses in India and neighbouring countries. This book can be a ready reference for Materials Handling Equipment Designers, Practising Engineers and Potential buyers. References have been made to various relevant BIS specifications, which will help students/engineers for preparing buying specifications and to design some of the common Materials Handling Equipment. The book contains a representative list of Materials Handling Equipment and System Manufacturers. A 606 $aMaterials handling 606 $aLifting and carrying 606 $aHuman engineering 608 $aElectronic books. 615 0$aMaterials handling. 615 0$aLifting and carrying. 615 0$aHuman engineering. 676 $a658.5 700 $aRay$b Siddhartha$0970432 801 0$bMiAaPQ 801 1$bMiAaPQ 801 2$bMiAaPQ 906 $aBOOK 912 $a9910453978503321 996 $aIntroduction to materials handling$92205669 997 $aUNINA